01159nam a2200313Ia 450000500170000000800410001702000190005810000350007724500950011225000390020730000610024649000280030750000320033552100290036765000390039665000430043565000360047865000450051465000460055970000430060594200150064826400330066333600270069633700330072333800280075604000350078408400110081999900150083020220317001030.0160825s2008 ck a g 000 0 spa  a978958300280121 aSoto Aparicio, Fernandod1933-13aLa rebelión de las ratascFernando Soto Aparicio ; ilustrado por Henry González Torres a1a. edición b9a. reimpresión  a337 páginas bilustraciones en blanco y negro c21 cm  aLetras latinoamericanas aIncluye datos biográficos aRecomendado para adultos142LEMBaNovela colombiana ySiglo XX142LEMBaLiteratura colombiana ySiglo XX142LEMB aPobreza en la literatura142LEMBaMinas de carbón en la literatura142LEMBaProblemas sociales en la literatura1 aGonzález Torres, Henry Javier910805 2loccBKLIT aBogotábPanamericanac2008 atextobtxt2rdacontent asin mediaciónbn2rdamedia avolumenbnc2rdacarrier aCO-BoRNBPbspaerdacCO-BoRNBP aN SOT2 c5726d5726